000 01791nam a22001577a 4500
999 _c517699
_d517699
008 210724b ||||| |||| 00| 0 eng d
100 _aYoung, S.L., Wiley, K.K. and Searing, E.A.M.
_927957
245 _a“Squandered in real time”: How public management theory underestimated the public administration–politics dichotomy
260 _aAmerican Review of Public Administration
300 _a50(6-7), Aug-Oct, 2020: p.480-488
520 _aThe United States places great emphasis on the public administration–politics dichotomy, but what happens to public management when the dichotomy breaks down? The authors critically evaluate the public management frameworks, New Public Management and New Public Governance, in the context of two major public management failures: the U.S. State of Illinois Budget Impasse during 2015–2017 and the COVID-19 Pandemic. A definition of public management failure is proffered, and both public management frameworks are found to have polarized and opposing views on whether process or outcome should have priority in crisis. We question whether the two major seminal theories in our field are still generalizable when their assumptions about the dichotomy and political neutrality are challenged in times of crises. The polarized perspectives were found to contribute to the public management failures. Ultimately, both frameworks were found to minimize the political influences that public administration and public management operate under, leaving a need for a more holistic and realistic framework. - Reproduced
650 _aPublic administration dichotomy, Nonprofit, COVID-19, New public management, New public governance
_925671
773 _aAmerican Review of Public Administration
906 _aPUBLIC ADMINISTRATION
942 _cAR